| 000 | 00365nam a2200157Ia 4500 | ||
|---|---|---|---|
| 008 | 221030s9999 xx 000 0 und d | ||
| 020 | _a8175441372 | ||
| 041 | _aEnglish | ||
| 082 |
_a105.23 _bShi |
||
| 100 | _aS. S. Ramu | ||
| 245 | 0 |
_aManagement _cby S. S. Ramu |
|
| 260 |
_bWheeler Pub. _aDelhi _c1999 |
||
| 300 | _a187 | ||
| 650 | _aBE Management | ||
| 942 | _cBK | ||
| 999 |
_c7379 _d7379 |
||